| 000 | 01028cam a2200229 i 4500 | ||
|---|---|---|---|
| 008 | 160405s2017 moua b 001 0 eng | ||
| 020 | _a9780323356312 (pbk.) | ||
| 050 | 0 | 0 |
_aRT62 _b.H45 2017 |
| 082 | 0 | 0 | _a610.73/0693 |
| 100 | 1 | _aKnecht, Patricia | |
| 245 | 1 | 0 |
_aSuccess in practical/vocational nursing : _bfrom student to leader / _cPatricia (Patty) Knecht, PhD, RN, ANEF, Chair, Division of Nursing, Immaculata University, Immaculata, Pennsylvania, Formerly, Director of Practical Nursing, Chester County Intermediate Unit, Practical Nursing Program, Downingtown, Pennsylvania. |
| 250 | _a8th edition. | ||
| 260 |
_aMissouri _bElsevier Ltd _c2017 |
||
| 300 |
_axvii, 364 pages : _bcolor illustrations ; |
||
| 500 | _aPreceded by Success in practical/vocational nursing : from student to leader / Signe S. Hill, Helen Stephens Howlett. 7th ed. c2013. | ||
| 650 | 1 | 2 | _aNursing, Practical |
| 650 | 2 | 2 | _aNurse's Role |
| 650 | 2 | 2 | _aNursing Theory |
| 650 | 2 | 2 | _aVocational Guidance |
| 700 | 1 | _aHill, Signe S. | |
| 942 | _cBK | ||
| 999 |
_c2658 _d2658 |
||